Statistics for Ice Age Characters

Click here to take the quiz!

General Stats

  • This quiz has been taken 365 times
  • The average score is 5 of 12

Answer Stats

Actor/ActressCharacter DescriptionCharacter% Correct
John LeguizamoA giant ground sloth with a little lispSid
98%
Ray RomanoA wooly mammothManny
95%
Denis LearyA saber-toothed tiger who abandons his packDiego
92%
Chris WedgeA saber-toothed squirrel in search of a nutScrat
76%
Goran VisnjicThe leader of the pack of saber-toothed tigersSoto
24%
Cedric the EntertainerA Brontops with a Y-shaped horn and one animal that chases after SidCarl
23%
Stephen RootA Brontops with a whole horn that chases after SidFrank
21%
Jack BlackThe member of the saber-toothed tiger pack dedicated to killing the humansZeke
19%
Alan TudykA buff member of the pack of saber-toothed tigersLenny
13%
Diedrich BaderA member of the pack of saber-toothed tigersOscar
12%
Jane KrakowskiA thin, yellow giant ground slothRachel
7%
Lorri BagleyA fat, black giant ground slothJennifer
6%

Score Distribution

Percentile by Number Answered

Percent of People with Each Score

Your Score History

You have not taken this quiz